120 personnages de Game of Thrones en 12 minutes - Statistiques

Statistiques générales
  • Ce quiz a été pris 937 fois
  • Le résultat moyen est 63 sur 120
Statistiques - réponses
Réponse % Correct
21 Eddard Stark
96%
27 Arya Stark
94%
29 Sansa Stark
94%
31 John Snow
93%
25 Robb Stark
93%
1 Tyrion Lannister
93%
3 Cersei Lannister
92%
2 Jaime Lannister
92%
4 Tywin Lannister
90%
32 Catelyn Stark
89%
54 Daenerys Targaryen
88%
12 Joffrey Baratheon
86%
30 Rickon Stark
86%
28 Bran Stark
85%
11 Robert Baratheon
85%
13 Tommen Baratheon
83%
14 Myrcella Baratheon
81%
16 Stannis Baratheon
81%
55 Viserys Targaryen
80%
101 Renly Baratheon
78%
23 Lyanna Stark
74%
47 Margaery Tyrell
74%
45 Olenna Tyrell
74%
7 Lancel Lannister
73%
43 Theon Greyjoy
73%
84 Jorah Mormont
72%
24 Benjen Stark
70%
15 Gendry Baratheon
70%
62 Gregor Clegane
70%
95 Khal Drogo
70%
57 Aemon Targaryen
69%
67 Oberryn Martell
69%
56 Rhaegar Targaryen
69%
63 Sandor Clegane
69%
22 Brandon Stark
68%
44 Asha Greyjoy
67%
18 Shireen Baratheon
67%
53 Aerys Targaryen
66%
6 Kevan Lannister
65%
42 Euron Greyjoy
64%
78 Ramsay Bolton
63%
87 Varys
63%
50 Samwell tarly
62%
68 Ellaria Sand
60%
5 Joanna Lannister
60%
85 Lyanna Mormont
60%
86 Petyr Baelish
60%
41 Balon Greyjoy
59%
46 Mace Tyrell
59%
70 Nymeria Sand
59%
77 Roose Bolton
59%
39 Jon Arryn
58%
38 Lysa Arryn
58%
103 Missandei
58%
69 Obara Sand
58%
19 Rickard Stark
57%
71 Tyerne Sand
57%
33 Edmure Tully
56%
94 Thoros de Myr
55%
37 Walder Frey
54%
66 Elia Martell
52%
72 Doran Martell
51%
10 Martyn Lannister
51%
9 Willem Lannister
51%
8 Alton Lannister
50%
60 Brienne de Torth
50%
20 Lyarra Stark
50%
58 Melisandre
50%
115 Fantôme
49%
73 Trystan Martell
49%
35 Brynden Tully
47%
118 Drogon
46%
61 Bronn
45%
117 Lady
45%
112 Eté
43%
34 Hoster Tully
43%
116 Nymeria
43%
51 Dickon Tarly
42%
81 Hodor
42%
83 Walda Bolton
42%
48 Loras Tyrell
41%
102 Tormund
41%
119 Viserion
40%
49 Randyll Tarly
38%
40 Robert Arryn
38%
90 Pycelle
37%
120 Rhaegal
36%
89 Shae
36%
114 Vent Gris
36%
100 Ygrid
36%
59 Davos Mervault
35%
113 Broussaille
34%
36 Roslin Frey
34%
52 Vère
34%
104 Vers Gris
34%
88 Barristan Selmy
32%
65 Podrick Payne
32%
64 Ilyn Payne
30%
105 Daario Naharis
27%
79 Mestre Luwin
27%
91 Qyburn
25%
107 Roi de la Nuit
25%
26 Jeyne Ouestrelin
23%
74 Jojen Reed
21%
98 Mance Rayder
20%
75 Meera Reed
20%
96 Jaqen H'ghar
18%
108 Tourte Chaude
18%
106 Le grand Moineau
17%
110 Meryn Trant
17%
111 Alisser Thorne
16%
93 Beric Dondarion
16%
76 Rodrik Cassel
14%
99 Craster
12%
17 Selyse Florent
11%
92 Syrio Forel
10%
82 Myranda
7%
97 Janos Slynt
6%
109 Septa Unella
6%
80 Hosha
4%
Aucun quiz correspondant
Distribution des résultats
% des personnes avec chaque résultat
Percentile par nombre de réponses
Votre historique - résultats
Vous n’avez pas pris ce quiz